Câu hỏi và bài tập trắc nghiệm tiếng Anh 11 : Theo chương trình và sách giáo khoa mới
Nội dung bám sát chương trình và sách giáo khoa mới và được thể hiện dưới dạng các bài kiểm tra trắc nghiệm khách quan. Ngữ liệu xây dựng các bài kiểm tra được lấy từ nội dung của bài học trong sách giáo khoa với mức độ khó tăng dần...
Gardado en:
| Autor Principal: | |
|---|---|
| Formato: | Libro |
| Idioma: | Undetermined |
| Publicado: |
Hà Nội
Giáo dục Việt Nam
2009
|
| Những chủ đề: | |
| Các nhãn: |
Engadir etiqueta
Sen Etiquetas, Sexa o primeiro en etiquetar este rexistro!
|
| Thư viện lưu trữ: | Trung tâm Học liệu Trường Đại học Cần Thơ |
|---|
| LEADER | 01224nam a2200229Ia 4500 | ||
|---|---|---|---|
| 001 | CTU_185209 | ||
| 008 | 210402s9999 xx 000 0 und d | ||
| 020 | |c 24000 | ||
| 082 | |a 428.0076 | ||
| 082 | |b M312 | ||
| 100 | |a Đỗ, Tuấn Minh | ||
| 245 | 0 | |a Câu hỏi và bài tập trắc nghiệm tiếng Anh 11 : | |
| 245 | 0 | |b Theo chương trình và sách giáo khoa mới | |
| 245 | 0 | |c Đôc Tuấn Minh, Trần Thị Lan Anh, Khoa Anh Việt (Chủ biên) | |
| 260 | |a Hà Nội | ||
| 260 | |b Giáo dục Việt Nam | ||
| 260 | |c 2009 | ||
| 520 | |a Nội dung bám sát chương trình và sách giáo khoa mới và được thể hiện dưới dạng các bài kiểm tra trắc nghiệm khách quan. Ngữ liệu xây dựng các bài kiểm tra được lấy từ nội dung của bài học trong sách giáo khoa với mức độ khó tăng dần và bao quát các kĩ năng ngôn ngữ khác nhau. | ||
| 650 | |a English language,Tiếng Anh | ||
| 650 | |x Problems, exercises, etc,Câu hỏi, bài tập | ||
| 904 | |i Hải | ||
| 980 | |a Trung tâm Học liệu Trường Đại học Cần Thơ | ||